Pokémon - Attacken von Simsala in PLA - Statistiken

Allgemein
  • Dieses Quiz wurde 2 mal gespielt
  • Das Durchschnittsergebnis liegt bei 9 aus 22
Antwortstatistiken
Antwort % Korrekt
Donnerschlag
100%
Eishieb
100%
Energieball
100%
Erholung
100%
Feuerschlag
100%
Psychokinese
100%
Spukball
100%
Gigastoß
50%
Hyperstrahl
50%
Konfusion
50%
Teleport
50%
Ableithieb
0%
Eisenschweif
0%
Gedankengut
0%
Genesung
0%
Hypnose
0%
Ladestrahl
0%
Psychoklinge
0%
Sternschauer
0%
Triplette
0%
Zauberschein
0%
Zen-Kopfstoß
0%
Keine übereinstimmenden Quizze gefunden
Verteilung der Resultate
Anzahl Personen mit jedem Resultat
Perzentil nach korrekt beantworteten Fragen
Ihre Resultats-Entwicklung
Sie haben dieses Quiz noch nicht gespielt